Inteligencia y cognición

Αποθηκεύτηκε σε:
Λεπτομέρειες βιβλιογραφικής εγγραφής
Κύριος συγγραφέας: Pueyo, Antonio Andrés (Συγγραφέας)
Μορφή: Βιβλίο
Γλώσσα:Ισπανικά
Έκδοση: Buenos Aires Paidós 1996
Σειρά:Colección Cuadernos de Psicología, 2
Θέματα:
Ετικέτες: Προσθήκη ετικέτας
Δεν υπάρχουν, Καταχωρήστε ετικέτα πρώτοι!

MARC

LEADER 00000nam a2200000 a 4500
001 UCR6181
003 CL-VaPUC
008 980420e19960000AG |||||||||||||||||spa|d
082 0 4 |a 153.9  |b PUE  |2 21 
100 0 |a Pueyo, Antonio Andrés  |e author  |9 407377 
245 1 0 |a Inteligencia y cognición 
300 |a 142 p 
942 |c BK 
945 |d 19980420 00:00:00  |a rbrito 
260 |a Buenos Aires  |b Paidós  |c 1996 
650 0 |a Inteligencia  |9 267038 
650 0 |a Cognición   |9 270347 
650 0 |a Psicología   |9 257863 
583 |a last modification  |c 20160426 04:37:50  |k Rodrigo Vera 
490 0 |a Colección Cuadernos de Psicología, 2 
999 |c 268482  |d 268480 
952 |0 0  |1 0  |4 0  |6 153_900000000000000_PUE_1996  |7 0  |8 A  |9 301648  |a BIBEDU  |b BIBEDU  |d 2019-11-20  |i 3417107  |o 153.9 PUE 1996  |p 3417107  |r 2019-11-20  |w 2019-11-20  |y BK  |k PSI 
952 |0 0  |1 0  |4 0  |6 153_900000000000000_PUE_1996  |7 0  |8 A  |9 301649  |a BIBEDU  |b BIBEDU  |d 2019-11-20  |i 3805522  |o 153.9 PUE 1996  |p 3805522  |r 2019-11-20  |w 2019-11-20  |y BK  |k EPE 
952 |0 0  |1 0  |4 0  |6 153_900000000000000_PUE_1996  |7 0  |8 A  |9 301650  |a FDOPOS  |b FDOPOS  |d 2019-11-20  |i 3681920  |o 153.9 PUE 1996  |p 3681920  |r 2025-01-22  |w 2019-11-20  |y BK  |k MLA